000 00410nam a2200157Ia 4500
008 230524s9999 xx 000 0 und d
082 _a381.142
_bDEW
100 _aM Dewey
_929003
245 0 _aDDC : Dewey Decimal Classification (One Set-4 Volumes)
250 _a22ND
260 _aDUBLIN
_bOCLC
_c2003
300 _aV 1-937
500 _aQuantity Number: 1
650 _aMiscellaneous
_91877
942 _cBK
999 _c41982
_d41982